| 000 | 00664nam a22002057a 4500 | ||
|---|---|---|---|
| 005 | 20231115141627.0 | ||
| 008 | 180604t sp gr|||| 000 0 spa|| | ||
| 020 | _a8481559466 | ||
| 050 | 0 | 4 |
_aKKT3550 _bG66 2002 |
| 100 | 1 | _aGonzález Ortiz, Diego | |
| 245 | 1 | 3 |
_aLa responsabilidad tributaria en el ordenamiento jurídico español _c / Diego González Ortiz. |
| 250 | _a1a ed. | ||
| 260 |
_aMadrid : _bDykinson, _c2002 |
||
| 300 |
_a239 p. ; _c21 cm. |
||
| 504 | _aBibliografía: p. 225-239. | ||
| 506 | _aPIFI 2003 | ||
| 650 | 4 |
_aDerecho tributario _xHacienda pública _zEspaña |
|
| 650 | 4 |
_aResponsabilidad tributaria _zEspaña |
|
| 942 |
_2lcc _cLIB |
||
| 999 |
_c112853 _d112853 |
||